| 000 | 00532nam a22002057a 4500 | ||
|---|---|---|---|
| 003 | SISC | ||
| 005 | 20160317152459.0 | ||
| 008 | 130905t xxu||||| |||| 00| 0 eng d | ||
| 020 | _a9780004121154 | ||
| 050 |
_aNC 880 _b.B651 1995 |
||
| 082 |
_aHS 741.2 _bB62 1992 |
||
| 100 |
_aBlockley, John _916692 |
||
| 245 |
_aPastels / _cJohn Blockley. |
||
| 260 |
_aHong Kong : _bHarper Collins, _cc1995. |
||
| 300 |
_a64 p. : _bill , ; _c28 cm. |
||
| 562 | _e1 | ||
| 650 |
_aPainting _912576 |
||
| 942 |
_2lcc _cBK |
||
| 999 |
_c10435 _d10435 |
||